00769nam a2200277Ia 450000500170000000800460001702000180006303700100008104000080009104000080009904000080010704100080011504100080012308400080013110000260013924500440016526000220020926000220023126000090025365000300026270000290029285600480032194200100036999900210037995200910040020260121124606.0008 260114s9999 xx 000 0 eng d a9780773592209 aEBOOK aCRL beng cCRL 2eng aeng qCRL aSikka, Sonia 9978601 0aMulticulturalism and Religious Identity bWalter de Gruyter bWalter de Gruyter c2014 aPolitical Science9978602 a Beaman, Lori G.9978603 uhttp://www.degruyter.com/isbn/9780773592209 cEBOOK c1555744d1555744 00104070aCRLbCRLd2026-01-21l0pCL1879858r2026-01-21 12:46:06w2026-01-21yEBOOK